ホロライブ言えるかな?Can you do the Hololive? - Statistics

General Stats
  • This quiz has been taken 235 times
    144 since last reset
  • The average score is 38 of 68
Answer Stats
Hints 0期生 % Correct
0期生 さくらみこ
93%
0期生 星街すいせい
93%
0期生 ときのそら
91%
0期生 ロボ子さん
88%
3期生(ホロライブファンタジー) 宝鐘マリン
88%
1期生 白上フブキ
85%
ホロライブゲーマーズ 白上フブキ
85%
0期生 AZKi
85%
2期生 大空スバル
84%
3期生(ホロライブファンタジー) 兎田ぺこら
84%
1期生 夏色まつり
82%
3期生(ホロライブファンタジー) 不知火フレア
81%
3期生(ホロライブファンタジー) 白銀ノエル
81%
秘密結社holoX ラプラス・ダークネス
81%
ホロライブゲーマーズ 猫又おかゆ
79%
5期生(ねぽらぼ) 雪花ラミィ
79%
1期生 赤井はあと
78%
ホロライブゲーマーズ 大神ミオ
78%
4期生(ホロふぉーす) 天音かなた
78%
5期生(ねぽらぼ) 桃鈴ねね
78%
5期生(ねぽらぼ) 尾丸ポルカ
76%
2期生 百鬼あやめ
75%
2期生 癒月ちょこ
75%
ホロライブゲーマーズ 戌神ころね
75%
4期生(ホロふぉーす) 常闇トワ
75%
5期生(ねぽらぼ) 獅白ぼたん
75%
1期生 アキ・ローゼンタール
74%
4期生(ホロふぉーす) 姫森ルーナ
74%
秘密結社holoX 博衣こより
74%
4期生(ホロふぉーす) 角巻わため
73%
秘密結社holoX 鷹嶺ルイ
68%
秘密結社holoX 風真いろは
68%
ReGLOSS 轟はじめ
64%
FLOW GROW 水宮枢
54%
Advent フワワ・アビスガード
49%
ReGLOSS 一条莉々華
49%
ホロライブインドネシア こぼ・かなえる
48%
Myth 森カリオペ
48%
Advent モココ・アビスガード
47%
ReGLOSS 音乃瀬奏
46%
FLOW GROW 輪堂千速
41%
ホロライブインドネシア アユンダ・リス
40%
ReGLOSS 儒烏風亭らでん
40%
ホロライブインドネシア ムーナ・ホシノヴァ
38%
Myth 小鳥遊キアラ
38%
FLOW GROW 響咲リオナ
38%
Project:HOPE IRyS
38%
Promise IRyS
38%
ホロライブインドネシア クレイジー・オリー
35%
FLOW GROW 綺々羅々ヴィヴィ
35%
FLOW GROW 虎金妃笑虎
34%
ホロライブインドネシア アーニャ・メルフィッサ
33%
Advent 古石ビジュー
33%
ホロライブインドネシア アイラニ・イオフィフティーン
32%
Advent シオリ・ノヴェラ
29%
Justice ジジ・ムリン
29%
Council ハコス・ベールズ
28%
Promise ハコス・ベールズ
28%
ホロライブインドネシア カエラ・コヴァルスキア
27%
Myth 一伊那尓栖
26%
ホロライブインドネシア パヴォリア・レイネ
25%
ホロライブインドネシア ベスティア・ゼータ
25%
Council オーロ・クロニー
25%
Promise オーロ・クロニー
24%
Advent ネリッサ・レイヴンクロフト
21%
Justice エリザベス・ローズ・ブラッドフレイム
21%
Justice セシリア・イマーグリーン
20%
Justice ラオーラ・パンテーラ
20%
No matching quizzes found
Score Distribution
Percent of People with Each Score
Percentile by Number Answered
Your Score History
You have not taken this quiz since the last reset